Superstring Theory
In recent years, superstring theory has emerged as a promising approach to reconciling general relativity with quantum mechanics and unifying the fundamental interactions. Problems that have seemed insuperable in previous approaches take on a totally new character in the context of superstring theor...
Sparad:
| Huvudupphovsman: | |
|---|---|
| Materialtyp: | Bok |
| Språk: | Undetermined |
| Publicerad: |
Cambridge,New York
Cambridge University Press
1999
|
| Ämnen: | |
| Taggar: |
Lägg till en tagg
Inga taggar, Lägg till första taggen!
|
| Thư viện lưu trữ: | Trung tâm Học liệu Trường Đại học Cần Thơ |
|---|
| LEADER | 01204nam a2200205Ia 4500 | ||
|---|---|---|---|
| 001 | CTU_158238 | ||
| 008 | 210402s9999 xx 000 0 und d | ||
| 020 | |c 90 | ||
| 082 | |a 539.754 | ||
| 082 | |b G797/Vol.2 | ||
| 100 | |a Green, Michael B | ||
| 245 | 0 | |a Superstring Theory | |
| 245 | 0 | |c Michael B. Green, John H. Schwarz, Edward Witten | |
| 260 | |a Cambridge,New York | ||
| 260 | |b Cambridge University Press | ||
| 260 | |c 1999 | ||
| 520 | |a In recent years, superstring theory has emerged as a promising approach to reconciling general relativity with quantum mechanics and unifying the fundamental interactions. Problems that have seemed insuperable in previous approaches take on a totally new character in the context of superstring theory, and some of them have been overcome. Interest in the subject has greatly increased following a succession of exciting recent developments. This two-volume book attempts to meet the need for a systematic exposition of superstring theory and its applications accessible to as wide an audience as possible | ||
| 650 | |a Superstring theories,Lý thuyết siêu chuỗi | ||
| 904 | |i Nguyên | ||
| 980 | |a Trung tâm Học liệu Trường Đại học Cần Thơ | ||